Artificial intelligence / (Record no. 48951)

MARC details
000 -LEADER
fixed length control field 00885cam a2200277 a 4500
001 - CONTROL NUMBER
control field 580340
003 - CONTROL NUMBER IDENTIFIER
control field 0
005 - DATE AND TIME OF LATEST TRANSACTION
control field 20170223141912.0
008 - FIXED-LENGTH DATA ELEMENTS--GENERAL INFORMATION
fixed length control field 901009s1991 nyua b 001 0 eng
010 ## - LIBRARY OF CONGRESS CONTROL NUMBER
LC control number 90020608
020 ## - INTERNATIONAL STANDARD BOOK NUMBER
International Standard Book Number 0070522634 :
020 ## - INTERNATIONAL STANDARD BOOK NUMBER
International Standard Book Number 9780070522633
040 ## - CATALOGING SOURCE
Transcribing agency SPU
050 00 - LIBRARY OF CONGRESS CALL NUMBER
Classification number Q335
Item number .R53 1991
100 1# - MAIN ENTRY--PERSONAL NAME
Personal name Rich, Elaine.
245 10 - TITLE STATEMENT
Title Artificial intelligence /
Statement of responsibility, etc Elaine Rich, Kevin Knight.
250 ## - EDITION STATEMENT
Edition statement 2nd ed.
260 ## - PUBLICATION, DISTRIBUTION, ETC. (IMPRINT)
Place of publication, distribution, etc New York :
Name of publisher, distributor, etc McGraw-Hill,
Date of publication, distribution, etc 1991.
300 ## - PHYSICAL DESCRIPTION
Extent xvii, 621 p. :
Other physical details ill. ;
Dimensions 25 cm.
504 ## - BIBLIOGRAPHY, ETC. NOTE
Bibliography, etc Includes bibliographical references (p. 583-603) and indexes.
650 #0 - SUBJECT ADDED ENTRY--TOPICAL TERM
Topical term or geographic name as entry element Artificial intelligence.
700 1# - ADDED ENTRY--PERSONAL NAME
Personal name Knight, Kevin.
856 42 - ELECTRONIC LOCATION AND ACCESS
Materials specified Publisher description
Uniform Resource Identifier <a href="http://www.loc.gov/catdir/description/mh022/90020608.html">http://www.loc.gov/catdir/description/mh022/90020608.html</a>
856 41 - ELECTRONIC LOCATION AND ACCESS
Materials specified Table of contents
Uniform Resource Identifier <a href="http://www.loc.gov/catdir/toc/mh021/90020608.html">http://www.loc.gov/catdir/toc/mh021/90020608.html</a>
942 ## - ADDED ENTRY ELEMENTS (KOHA)
Source of classification or shelving scheme Library of Congress Classification
Koha item type Book
Holdings
Withdrawn status Lost status Source of classification or shelving scheme Damaged status Not for loan Collection code Home library Current library Shelving location Date acquired Source of acquisition Cost, normal purchase price Total Checkouts Full call number Barcode Price effective from Koha item type
    Library of Congress Classification     Non-fiction Nakuru Campus Nakuru Campus General Circulation 23/02/2017 Donation-BFA 500.00   Q335 .R53 1991 051120 23/02/2017 Book